<?xml version="1.0" encoding="UTF-8"?>
<collection xmlns="http://www.loc.gov/MARC21/slim">
 <record>
  <leader>00969pamaa2200265   4500</leader>
  <controlfield tag="001">0000050195</controlfield>
  <controlfield tag="005">20140922090000.0</controlfield>
  <controlfield tag="008">120607s2011                        eng  </controlfield>
  <datafield tag="020" ind1="0" ind2="0">
   <subfield code="a">9780702042706 </subfield>
  </datafield>
  <datafield tag="020" ind1="0" ind2="0">
   <subfield code="a">0702042706 (pbk.) </subfield>
  </datafield>
  <datafield tag="090" ind1="0" ind2="0">
   <subfield code="a">RM701 </subfield>
   <subfield code="b">PRA 2011</subfield>
  </datafield>
  <datafield tag="245" ind1="1" ind2="0">
   <subfield code="a">Practical evidence-based physiotherapy  </subfield>
   <subfield code="c">Rob Herbert ... [et al.]; </subfield>
   <subfield code="f">foreword by Sir Iain Chalmers.</subfield>
  </datafield>
  <datafield tag="250" ind1="0" ind2="0">
   <subfield code="a">2nd ed.</subfield>
  </datafield>
  <datafield tag="260" ind1="0" ind2="0">
   <subfield code="a">Edinburgh: </subfield>
   <subfield code="b">Elsevier/Churchill Livingstone, </subfield>
   <subfield code="c">2011.</subfield>
  </datafield>
  <datafield tag="300" ind1=" " ind2=" ">
   <subfield code="a">xii, 173 p.: </subfield>
   <subfield code="b">ill. (some col.); </subfield>
   <subfield code="c">25 cm.</subfield>
  </datafield>
  <datafield tag="500" ind1="0" ind2="0">
   <subfield code="a">Rev. ed. of: Practical evidence-based physiotherapy / Rob Herbert ... [et al.]. 2005</subfield>
  </datafield>
  <datafield tag="501" ind1="0" ind2="0">
   <subfield code="a">FHMS</subfield>
  </datafield>
  <datafield tag="504" ind1="0" ind2="0">
   <subfield code="a">Includes bibliographical references and index</subfield>
  </datafield>
  <datafield tag="650" ind1="0" ind2="0">
   <subfield code="a">Evidence-based medicine </subfield>
  </datafield>
  <datafield tag="650" ind1="0" ind2="0">
   <subfield code="a">Physical therapy </subfield>
  </datafield>
  <datafield tag="650" ind1="0" ind2="0">
   <subfield code="a">Physical Therapy Modalities </subfield>
  </datafield>
  <datafield tag="650" ind1="0" ind2="0">
   <subfield code="a">Evidence-Based Practice </subfield>
  </datafield>
  <datafield tag="700" ind1="1" ind2="1">
   <subfield code="a">Herbert, </subfield>
   <subfield code="h">Rob </subfield>
  </datafield>
  <datafield tag="745" ind1="1" ind2="0">
   <subfield code="a">Practical evidence-based physiotherapy</subfield>
  </datafield>
  <datafield tag="901" ind1=" " ind2=" ">
   <subfield code="u">www.elsevierhealth.com</subfield>
  </datafield>
 </record>
</collection>
